Memorias taller de pasivos ambientales / (Registro nro. 3939)
[ vista simple ]
| 000 -CABECERA | |
|---|---|
| Campo de control | 00805nam a2200217 a 4500 |
| 005 - FECHA Y HORA DE LA ULTIMA TRANSACCION | |
| Campo de control | 20191224041719.0 |
| 008 - ELEMENTOS DE LONGITUD FIJA—INFORMACION GENERAL | |
| Campo de control | 140312b1999 ck gr|||| 000 0 spa d |
| 040 ## - FUENTE DE CATALOGACIÓN | |
| Agencia catalogadora original | CO-BoIAVH |
| Agencia transcriptora | CO-BoIAVH |
| 041 0# - IDIOMA | |
| Código de idioma para texto/pista de sonido o título separado | Español |
| 044 ## - PAÍS DE PUBLICACIÓN | |
| País de publicación | Colombia |
| 082 04 - NUMERO DE CLASIFICACION DECIMAL DEWEY | |
| Número de clasificación | 333.72 |
| Número del ítem | M66m |
| 111 2# - ASIENTO PRINCIPAL--NOMBRE DE REUNION | |
| Nombre de reunión o de jurisdicción como elemento de entrada | Memorias Taller de Pasivos Ambientales |
| Lugar de la reunión | Chinauta |
| Fecha de la reunión | Diciembre 9-10, 1999 |
| 9 (RLIN) | 59492 |
| 245 10 - MENCION DE TITULO | |
| Título | Memorias taller de pasivos ambientales / |
| Mención de responsabilidad | Ministerio de Ambiente y Desarrollo Sostenible |
| 260 ## - PUBLICACION, DISTRIBUCION, ETC. (PIE DE IMPRENTA) | |
| Lugar de publicación, distribución, etc. | Bogotá : |
| Nombre del editor, distribuidor, etc. | Ministerio de Ambiente y Desarrollo Sostenible, |
| Fecha de publicación, distribución, etc. | 1999. |
| 300 ## - DESCRIPCION FISICA | |
| Extensión | 51 páginas ; |
| Dimensiones | 28 x 22 cm. |
| 650 16 - ASIENTO SECUNDARIO DE MATERIA - TERMINO TEMATICO | |
| Término temático o nombre geográfico como elemento de entrada | Valoración económica ambiental |
| 9 (RLIN) | 3012 |
| 650 26 - ASIENTO SECUNDARIO DE MATERIA - TERMINO TEMATICO | |
| Término temático o nombre geográfico como elemento de entrada | Análisis del impacto ambiental |
| 9 (RLIN) | 79 |
| 650 26 - ASIENTO SECUNDARIO DE MATERIA - TERMINO TEMATICO | |
| Término temático o nombre geográfico como elemento de entrada | Ambiente |
| Subdivisión general | Economía |
| 9 (RLIN) | 59494 |
| 710 2# - ASIENTO SECUNDARIO - NOMBRE CORPORATIVO | |
| Nombre corporativo o de jurisdicción como elemento de entrada | Colombia |
| Unidad subordinada | Ministerio del Medio Ambiente |
| 9 (RLIN) | 59495 |
| 942 ## - ELEMENTOS ADICIONALES (KOHA) | |
| Tipo de ítem | Libro |
| Sistema de clasificación | Dewey Decimal Classification |
| Withdrawn status | Lost status | Sistema de Clasificación | Damaged status | No para préstamo | Colección | Ubicación Permanente | Ubicación actual | Fecha de adquisición | Fuente de Valor | Total Checkouts | Número topográfico | Inventario / Código de Barras | Date last seen | Ejemplar | Price effective from | Tipo de material | Inventariado | Valor | Forma de adquisición |
|---|---|---|---|---|---|---|---|---|---|---|---|---|---|---|---|---|---|---|---|
| Dewey Decimal Classification | General | Bogotá | Bogotá | 29/06/2004 | Ministerio del Medio Ambiente | LB-333.72 M66m | 003233 | 04/12/2012 | Ej. 1 | 04/12/2012 | Libro | Inventariado 2017 | 39000.00 | ||||||
| Dewey Decimal Classification | General | Sala Fabio Quevedo | Sala Fabio Quevedo | 29/06/2004 | Ministerio del Medio Ambiente | LB-333.72 M66m | 003234 | 04/12/2012 | Ej. 2 | 04/12/2012 | Libro | Inventariado 2017 | 39000.00 | ||||||
| Local | General | Villa de Leyva | Villa de Leyva | 29/06/2004 | Ministeriodel Medio Ambiente | LB-03657 | 016180 | 04/12/2012 | Ej. 3 | 04/12/2012 | Libro |